| 000 | 00382nam a2200145Ia 4500 | ||
|---|---|---|---|
| 008 | 230917s9999||||xx |||||||||||||| ||und|| | ||
| 040 |
_e63699 _aMAIN |
||
| 041 | _aEnglish | ||
| 082 | _a519.2 H352P | ||
| 100 | _aHeathcote, C R | ||
| 245 | 0 | _aProbability: Elements of the mathematical theory | |
| 260 |
_aLondon _bGeorge, Allen and Unwin _c1971 |
||
| 300 | _a266 p. | ||
| 942 | _cBK | ||
| 999 |
_c129236 _d129236 |
||